Star Wars the Clone Wars characters - Statistics

General Stats
  • This quiz has been taken 258 times
  • The average score is 23 of 30
Answer Stats
Number Hint Answer % Correct
#2 The choosen one Anakin Skywalker
99%
#3 Master of #2 Obi Wan Kenobi
99%
#1 Yedi grandmaster Yoda
99%
#5 Wife of #2 Padme Amidala
98%
#15 Tattooed sith "Darth" Maul
94%
#8 Supreme chancellor Sheev Palpatine
94%
#7 Seperatist leader Count Dooku/Darth Tyrannus
93%
#4 Padawan of #2 Ahsoka
92%
#27 Leader of the 501st CT-7567 „Rex“
92%
#26 Leader of the 212th CC-2224 „Cody“
90%
#9 Troops used by the Republic Clones
90%
#11 Sith assassin Asajj Ventress
88%
#6 Droid general Grievous
86%
#16 Brother of #15 Savage Opress
86%
#12 Black jedi Mace Windu
85%
#25 Domino squad CT-27-5555 „Fives“
83%
#23 Domino squad CT-21-0408 „Echo“
80%
#18 Dutches of Mandlore Satine Kryze
77%
#20 Old clone thatsacrifised himself Clone 99
75%
#13 Dark lord of the sith Darth Sidious
75%
#19 Sister of #18 Bo-Katan Kryze
70%
#10 Troops used by theCIS B1 Batlle droids
69%
#21 Domino squad CT-782 „Hevy“
59%
#28 Leader of the 104th CC-3636 „Wolffe“
55%
#17 Old witch Talzin
53%
#24 Domino squad CT-4040 „Cutup“
50%
#22 Domino squad CT-00-2010 „Droidbait“
45%
#30 CIS admiral Trench
44%
#14 Jedi treator Bariss Offee
42%
#29 Death Watch leaderkilled by #15 Pre Vizsla
40%
No matching quizzes found
Score Distribution
Percent of People with Each Score
Percentile by Number Answered
Your Score History
You have not taken this quiz